000 00312nam a22001337a 4500
008 241127b |||||||| |||| 00| 0 eng d
020 _a195620003
050 _aPN143
_b.S48
100 _aSeth,Vikram
245 _aThe Golden Gate
260 _aDelhi
_bOxford University Press
_c1986
300 _a307
942 _cBK
999 _c1812
_d1812